[Event "Girona-ch"]
[Site "Barcelona"]
[Date "2001.10.14"]
[Round "2"]
[White "Martin Fernandez, Santiago"]
[Black "Bravo Carvajal, Albert"]
[Result "1-0"]
[WhiteElo "2030"]
[BlackElo "1990"]
[PlyCount "59"]
[EventDate "2001.10.07"]
[EventType "swiss"]
[EventRounds "9"]
[EventCountry "ESP"]
[SourceTitle "EXT 2008"]
[Source "ChessBase"]
[SourceDate "2007.11.25"]
[SourceVersion "1"]
[SourceVersionDate "2007.11.25"]
[SourceQuality "1"]

1. c4 Nf6 2. Nc3 g6 3. d4 Bg7 4. e4 d6 5. f3 0-0 6. Be3 Nbd7 7. Nge2 e5 8. d5 b6 9. g4 a5 10. h4 h5 11. Ng3 Nc5 12. Be2 Qd7 13. gxh5 Nxh5 14. Nxh5 gxh5 15. Qd2 f5 16. exf5 Qxf5 17. 0-0-0 Qh7 18. Rhg1 Kh8 19. Rg3 Rf7 20. Rdg1 Bf5 21. f4 Re8 22. fxe5 Bxe5 23. Bd4 Bxd4 24. Qxd4+ Re5 25. Rg5 Nd3+ 26. Bxd3 Bxd3 27. Rg8+ Qxg8 28. Rxg8+ Kxg8 29. Qxd3 Rf2 30. Qg3+ 1-0